El Machete y la cruz: la sublevación de campesinos en Yucatán /

Guardado en:
书目详细资料
主要作者: Dumond, Don E.
其他作者: Verano, Luis F. trad
格式: Texto
语言:Spanish
出版: Distrito Federal: UNAM
主题:
标签: 添加标签
没有标签, 成为第一个标记此记录!

MARC

LEADER 00000 a a2200000 04500
001 33854
003 cru CIDCACS/IIS
005 20170511153717.0
008 170511b xxu||||| |||| 00| 0 spa d
020 |a 970-32-2309-5  
040 |c CIDCACS/IIS 
090 |a HI05.01.01 D892m  
100 |a Dumond, Don E.  
245 |a El Machete y la cruz:   |b la sublevación de campesinos en Yucatán /  |c Don E. Dumond 
260 |a Distrito Federal:   |b UNAM  
300 |a 681 páginas  |b il.   |b map.  
650 |a GUERRA  
650 |a CONFLICTOS SOCIALES  
650 |a MOVIMIENTOS CAMPESINOS  
650 |a POBLACION INDIGENA  
650 |a HISTORIA SOCIAL  
650 |a YUCATAN  
650 |a MEXICO  
700 |a Verano, Luis F.   |a trad.  
942 |2 ddc  |c LI 
999 |c 13707  |d 13707